000 00278nam a22001337a 4500
008 170316b xxu||||| |||| 00| 0 eng d
020 _a0846301326
041 _aeng
080 _a616.8
100 _a7
101 _aSHM
245 _aNEUROLOGY
_cWEINER.H.L
942 _2udc
_cBK
999 _c7998
_d7998